| 000 | 00625nam a22001577a 4500 | ||
|---|---|---|---|
| 003 | OSt | ||
| 005 | 20151006092742.0 | ||
| 008 | 151006b xxu||||| |||| 00| 0 eng d | ||
| 040 | _cRUA | ||
| 082 | _aAVM SAR 1996 B070 Or.1 | ||
| 100 |
_92103 _aSAR, VISITTHARA. |
||
| 245 | _aRaising layers in phno phen and economic effect, ការចិញ្ចឹមមាន់យកស៊ុត ពូជនាំចូលនៅរាជធានីភ្នំពេញ និងប្រសិទ្ធភាំពសេដ្ឋកិច្ច. | ||
| 260 |
_aphnom phen _bRUA _c1996 |
||
| 300 |
_a60p. _bill. _c29cm. |
||
| 942 |
_2ddc _cAVM |
||
| 999 |
_c1984 _d1984 |
||